Statistics for Walking Dead quiz

Click here to take the quiz!

General Stats

  • This quiz has been taken 172 times
  • The average score is 8 of 15

Answer Stats

Hopefully u do well!Yayy!% Correct
Who is Rick currently with as a couple in Season 8?Michonne
98%
What is Ricks daughters name?Judith
82%
Who is Ricks wife?Lori
82%
What is Ricks full name?Rick Grimes
79%
Were there any pets in the show?Yes
79%
What is Daryls full name?Daryl Dixon
73%
Who recently died in Season 8 ep 9 ?Carl
70%
Who got their throat slit in Season 8 finale?Negan
68%
What was the groups name who ate Bobs leg?Terminus
64%
What was the pets name?Shiva
49%
Who died in the season 7 finale?Sasha
36%
What is the trustworthy kings name?King Ezekiel
25%
In season 8 episode 3 who was the important person to die?Eric
18%
What was the Title of Ep7 season7?Sing me a song
12%
Who were Michonne’s pet walkers?Her brothers
3%

Score Distribution

Percentile by Number Answered

Percent of People with Each Score

Your Score History

You have not taken this quiz